000 00221nam a2200097Ia 4500
005 20251222114403.0
008 251222s1900||||xx |||||||||||||| ||spa||
082 _aDVD0092/G26/2002
245 0 _aLos reyes magos:
942 _cDVD
999 _c1720
_d1720